[Event "Let's Play Chess!"]
[Site "http://www.queenalice.com/game.php?id=564160"]
[Date "2009.3.30"]
[Round "-"]
[White "eljay"]
[Black "limenho"]
[Result "0-1"]
[WhiteElo "1652"]
[BlackElo "2128"]

1. d4 Nf6 2. c4 g6 3. Nf3 Bg7 4. Nc3 O-O 5. e4 d6 6. Be2 e5 7. d5 c6 8. b4 Na6
9. Ba3 Qb6 10. c5 dxc5 11. bxc5 Qa5 12. Qc1 Nxe4 13. Bb2 cxd5 14. Bxa6 d4 15.
O-O Nxc3 16. Bxc3 dxc3 17. Bc4 b5 18. Bd5 Rb8 19. c6 b4 20. Re1 Qxd5 21. c7 Rb7
0-1

[Event "Let's Play Chess!"]
[Site "http://www.queenalice.com/game.php?id=1825940"]
[Date "2023.11.25"]
[Round "-"]
[White "Charles56"]
[Black "eljay"]
[Result "0-1"]
[WhiteElo "1635"]
[BlackElo "1665"]

1. Nc3 e5 2. e4 Nf6 3. d3 Nc6 4. Nh3 Bb4 5. Bd2 d6 6. Be2 O-O 7. a3 Ba5 8. Ng5
Nd4 9. O-O Nxe2+ 10. Qxe2 Bxc3 11. Bxc3 Ng4 12. Bd2 f5 13. exf5 Bxf5 14. h3 Nh6
15. Ne4 d5 16. Ng3 Qd7 17. Bxh6 gxh6 18. Qe3 Qg7 19. Nxf5 Rxf5 20. f4 d4 21. Qd2
Raf8 22. Rae1 Rxf4 23. Rxf4 exf4 24. Qf2 f3 25. g4 h5 26. Re4 Rf7 27. Rxd4 Qe5
28. Rd8+ Kg7 29. d4 Qg5 30. d5 Qxd8 31. Qd4+ Kg8 32. gxh5 f2+ 33. Kf1 Qg5 34. d6
Qg1+ 0-1

[Event "Let's Play Chess!"]
[Site "http://www.queenalice.com/game.php?id=1825967"]
[Date "2023.11.26"]
[Round "-"]
[White "eljay"]
[Black "alterego"]
[Result "1-0"]
[WhiteElo "1650"]
[BlackElo "1569"]

1. d4 g6 2. e4 Bg7 3. Nf3 a6 4. c4 c6 5. e5 e6 6. Bd3 Ne7 7. Bg5 O-O 8. Qd2 Qb6
9. Bxe7 Re8 10. Bf6 Bxf6 11. exf6 d5 12. Qh6 1-0

[Event "AUTO-OPEN-4490"]
[Site "http://www.queenalice.com/game.php?id=1826101"]
[Date "2023.11.27"]
[Round "1"]
[White "Rafale2000"]
[Black "eljay"]
[Result "1-0"]
[WhiteElo "2021"]
[BlackElo "1682"]

1. e4 e6 2. d4 Nf6 3. Nc3 Nc6 4. Bg5 Be7 5. Nf3 O-O 6. Bb5 a6 7. Bxc6 bxc6 8.
O-O Bb7 9. e5 Nd5 10. Bxe7 Qxe7 11. Nxd5 cxd5 12. c3 d6 13. exd6 Qxd6 14. Re1 h6
15. Nd2 Rfe8 16. Rc1 e5 17. dxe5 Rxe5 18. Rxe5 Qxe5 19. Nf3 Qe6 20. Nd4 Qg6 21.
b4 Re8 22. Qd2 Re5 23. Re1 f6 24. Ne6 Rxe1+ 25. Qxe1 d4 26. Nf4 Qg4 27. g3 g5
28. Qe8+ Kg7 29. Ne6+ Qxe6 30. Qxe6 dxc3 31. Qc4 Kg6 32. Qxc3 Kf5 33. Qxc7 Bd5
34. a4 Bb3 35. g4+ Kg6 36. b5 axb5 37. axb5 Bd5 38. b6 Bf3 39. b7 Bxb7 40. Qxb7
h5 41. gxh5+ Kxh5 42. Qf7+ Kg4 43. Qxf6 Kh5 44. f3 g4 45. f4 g3 46. Qg5# 1-0

[Event "AUTO-OPEN-4490"]
[Site "http://www.queenalice.com/game.php?id=1826102"]
[Date "2023.11.27"]
[Round "1"]
[White "eljay"]
[Black "Rafale2000"]
[Result "0-1"]
[WhiteElo "1682"]
[BlackElo "2011"]

1. d4 Nf6 2. c4 c5 3. Nf3 cxd4 4. Nxd4 Nc6 5. Nf5 e6 6. Ng3 Bb4+ 7. Bd2 Qb6 8.
e4 d5 9. exd5 exd5 10. cxd5 Bxd2+ 11. Qxd2 Ne5 12. Be2 Nxd5 13. Qxd5 Qe6 14.
Qxe6+ Bxe6 15. Bb5+ Bd7 16. Bxd7+ Nxd7 17. O-O O-O 18. Nc3 Nf6 19. Rad1 h6 20.
Rfe1 Rfe8 21. Nce4 Nxe4 22. Nxe4 Rad8 23. Rxd8 Rxd8 24. Kf1 f5 25. Nc5 b6 26.
Ne6 Rd2 27. Rb1 Kf7 28. Nc7 Rc2 29. Nd5 g5 30. a4 Ke6 31. Ne3 Rd2 32. b4 f4 33.
Ng4 h5 34. Nh6 Kf6 35. Ng8+ Ke6 36. Rc1 Rd8 37. Rc6+ Kf7 38. Nf6 Rd4 39. Nxh5
Rxb4 40. Rf6+ Ke7 41. Rg6 f3 42. Rg7+ Kf8 43. gxf3 Rxa4 44. Ke2 Ra2+ 45. Ke3
Ra3+ 46. Ke4 Ra4+ 47. Kf5 Rh4 48. Kxg5 Rxh5+ 49. Kf6 Rh6+ 50. Rg6 Rxg6+ 51. Kxg6
a5 0-1

[Event "AUTO-OPEN-4490"]
[Site "http://www.queenalice.com/game.php?id=1826127"]
[Date "2023.11.27"]
[Round "1"]
[White "eljay"]
[Black "TammieM3ENF"]
[Result "1-0"]
[WhiteElo "1663"]
[BlackElo "1141"]

1. d4 d5 2. c4 dxc4 3. e4 b6 4. Bxc4 c5 5. Qf3 g6 6. Qxf7+ Kd7 7. Be6+ Kc7 8.
Bf4+ Kb7 9. Bd5+ Ka6 10. Bxa8 b5 11. Bxb8 cxd4 12. Qd5 Bd7 13. Qb7+ Ka5 14. Bc7+
Qxc7 15. Qxc7+ Kb4 16. a3+ Kb3 17. Bd5+ Kxb2 18. Ra2+ Kxb1 19. Qc2# 1-0

[Event "AUTO-OPEN-4490"]
[Site "http://www.queenalice.com/game.php?id=1826128"]
[Date "2023.11.27"]
[Round "1"]
[White "TammieM3ENF"]
[Black "eljay"]
[Result "0-1"]
[WhiteElo "1119"]
[BlackElo "1680"]

1. d4 e6 2. e4 d5 3. e5 c5 4. dxc5 Bxc5 5. g3 Bd7 6. f4 a6 7. h4 Qa5+ 8. c3 Nh6
9. g4 d4 10. b4 Bxb4 11. cxb4 Qxb4+ 12. Bd2 Qc5 13. g5 Nf5 14. h5 Ng3 15. Rh3
Nxf1 16. Kxf1 Bb5+ 17. Ke1 d3 18. Nf3 Qc2 19. Qc1 Qxc1+ 20. Bxc1 O-O 21. f5 exf5
22. g6 fxg6 23. hxg6 h6 24. e6 Re8 25. Kd1 Rxe6 26. Nc3 Rxg6 27. Ne5 Rg1+ 28.
Kd2 Nc6 29. Rxd3 Bxd3 30. Kxd3 Nxe5+ 31. Kd4 Nf3+ 32. Ke3 Ne5 33. Kf4 Nd3+ 34.
Kxf5 Rf8+ 35. Ke4 Nxc1 36. Rxc1 Rxc1 37. Nd5 Re8+ 38. Kd3 Rd1+ 39. Kc4 Rc8+ 40.
Nc7 Rxc7+ 41. Kb4 Rb1+ 42. Ka3 Rc5 43. Ka4 Rcb5 44. a3 R5b3 45. Ka5 Rxa3# 0-1

[Event "AUTO-OPEN-4490"]
[Site "http://www.queenalice.com/game.php?id=1826129"]
[Date "2023.11.27"]
[Round "1"]
[White "eljay"]
[Black "Ruusgugg"]
[Result "1-0"]
[WhiteElo "1680"]
[BlackElo "1171"]

1. d4 d5 2. c4 dxc4 3. e4 f5 4. Nc3 Be6 5. d5 Bf7 6. Bxc4 fxe4 7. Nxe4 Nd7 8.
Bb5 a6 9. Ba4 b5 10. Bb3 Nc5 11. Nxc5 Qd6 12. Nb7 Qe5+ 13. Ne2 Qe4 14. O-O a5
15. Nc5 Qe5 16. Re1 Rd8 17. Nd4 Qd6 18. Nb7 Qb6 19. Nxd8 Kxd8 20. Nc6+ Ke8 21.
Qg4 Nf6 22. Qc8# 1-0

[Event "AUTO-OPEN-4490"]
[Site "http://www.queenalice.com/game.php?id=1826130"]
[Date "2023.11.27"]
[Round "1"]
[White "Ruusgugg"]
[Black "eljay"]
[Result "0-1"]
[WhiteElo "1234"]
[BlackElo "1679"]

1. d4 Nf6 2. f4 Nc6 3. d5 Nb4 4. c4 d6 5. Qa4+ c6 6. Qxb4 a5 7. Qa4 b5 8. cxb5
cxb5 9. Qxb5+ Bd7 10. Qd3 e6 11. Qe3 Nxd5 12. Qd2 Nf6 13. b4 axb4 14. h4 d5 15.
g3 Ne4 16. Qe3 Qa5 17. Nd2 Nc3 18. f5 Bc5 19. Qg5 exf5 20. Qxg7 Rf8 21. h5 O-O-O
22. h6 Qa4 23. Bb2 Qc2 24. Bxc3 bxc3 25. Nb3 Rde8 26. Nf3 Bb5 27. Nbd4 Bxd4 28.
Nxd4 Qd2+ 29. Kf2 c2 30. Nxc2 Qxc2 31. a4 Bxe2 32. Bxe2 Rxe2+ 33. Kf3 Qe4# 0-1

[Event "AUTO-ADV-4759"]
[Site "http://www.queenalice.com/game.php?id=1829257"]
[Date "2024.1.13"]
[Round "1"]
[White "game"]
[Black "eljay"]
[Result "0-1"]
[WhiteElo "1474"]
[BlackElo "1753"]

1. d4 d5 2. Nf3 Nc6 3. Nc3 Nf6 4. e3 Bg4 5. Bb5 e6 6. Qd3 Bxf3 7. gxf3 Bb4 8.
Bd2 O-O 9. Na4 Bxd2+ 10. Qxd2 Ne7 11. Nc5 Qc8 12. e4 b6 13. e5 Ne8 14. Ba6 Qd8
15. Qd3 f6 16. Nxe6 Qd7 17. Nxf8 Kxf8 18. Qxh7 Qa4 19. exf6 Qxa6 20. fxe7+ Kxe7
21. O-O-O Kf6 22. Rde1 Qxa2 23. Qh4+ g5 24. Qh6+ Kf7 25. Qxg5 Qa1+ 26. Kd2 Qa5+
27. c3 Nd6 28. Qe7+ Kg8 29. Qg5+ Kh8 30. Rhg1 Nc4+ 31. Kd3 Nxb2+ 32. Ke3 Qxc3+
33. Kf4 Qd2+ 34. Re3 Qxd4+ 35. Kg3 Rg8 36. Re8 Qg7 37. Qxg7+ Kxg7 38. Kh3+ Kf7
39. Rexg8 a5 40. R8g7+ Ke6 41. Re1+ Kd6 42. Ree7 Nc4 43. Rxc7 b5 44. Ra7 b4 45.
f4 Ke6 46. Rg6+ Kf5 47. Rg4 b3 48. Rf7+ Ke6 49. Rf8 b2 50. Rb8 a4 51. Re8+ Kd6
52. Rg6+ Kc5 53. Rb8 a3 54. Ra6 d4 55. f5 d3 56. Rc8+ Kb5 57. f6 b1=Q 58. Rb8+
Kxa6 59. Rxb1 d2 60. Ra1 Kb5 61. f7 Nb2 62. f8=Q d1=Q 63. Rxd1 Nxd1 64. f4 a2
65. Qh8 Kb4 66. Qa1 Kb3 67. f5 Nf2+ 68. Kh4 Ne4 69. Kg4 Ka3 70. Qh1 Nf2+ 71. Kg3
Nxh1+ 72. Kg4 a1=Q 73. h4 Qd4+ 74. Kg5 Ng3 75. f6 Qe5+ 76. Kg6 Qh5+ 77. Kg7 Nf5+
78. Kf8 Qh8+ 79. Kf7 Qxh4 80. Ke6 Qe4+ 81. Kf7 Qe5 82. Kg6 Nh4+ 83. Kf7 Qd5+ 84.
Kg7 Qe6 85. f7 Nf5+ 86. Kg8 Kb4 87. Kf8 Qc8# 0-1

[Event "AUTO-ADV-4759"]
[Site "http://www.queenalice.com/game.php?id=1829258"]
[Date "2024.1.13"]
[Round "1"]
[White "eljay"]
[Black "game"]
[Result "1-0"]
[WhiteElo "1723"]
[BlackElo "1568"]

1. d4 d5 2. c4 dxc4 3. e4 Nc6 4. d5 Ne5 5. Nf3 Qd6 6. Bf4 f6 7. Bxc4 g5 8. Bxe5
fxe5 9. Nc3 Bg4 10. h3 Bd7 11. Nxg5 Qf6 12. Ne6 Bxe6 13. dxe6 Bh6 14. Qd7+ Kf8
15. Nd5 Qg6 16. Nxc7 Qxe4+ 17. Be2 Nf6 18. Qd3 Qxg2 19. Qf3 Qxf3 20. Bxf3 Rc8
21. Nb5 Rd8 22. Bxb7 Rb8 23. Bc6 Rc8 24. Nxa7 Rc7 25. Rd1 Rxa7 26. Rd8+ Kg7 27.
Rg1+ Ng4 28. Rxg4+ Kf6 29. Rxh8 Kxe6 30. Rxh7 Bf4 31. Rg6+ Kf5 32. Rgg7 e4 33.
Rf7+ Kg6 34. Bxe4+ Kg5 35. Rf5+ Kg6 36. Rxf4+ Kg5 37. h4+ Kxf4 38. Bd5 Kf5 39.
Rg7 Ke5 40. Bb3 Kf6 41. Rg3 e5 42. h5 Rh7 43. Bd1 e4 44. a4 Ke5 45. a5 Ra7 46.
b4 Kf4 47. Rg4+ Kf5 48. h6 Rh7 49. Rh4 Kg5 50. Rh1 Kg6 51. a6 Kf6 52. b5 Kg6 53.
b6 Rxh6 54. Rxh6+ Kxh6 55. a7 Kg5 56. a8=Q Kf4 57. f3 e3 58. Qe4+ Kg3 59. Qg4+
Kh2 60. Kf1 1-0

[Event "AUTO-ADV-4759"]
[Site "http://www.queenalice.com/game.php?id=1829271"]
[Date "2024.1.13"]
[Round "1"]
[White "maurice916"]
[Black "eljay"]
[Result "0-1"]
[WhiteElo "1830"]
[BlackElo "1733"]

1. Nf3 e6 2. b3 d5 3. Bb2 Nf6 4. e3 Bb4 5. Be2 a6 6. O-O Nc6 7. c4 dxc4 8. bxc4
O-O 9. d4 Ne4 10. a3 Bd6 11. c5 Be7 12. Nbd2 f5 13. Nxe4 fxe4 14. Nd2 Qd5 15.
Bc4 Qf5 16. Qc2 Bh4 17. Qxe4 Bxf2+ 18. Kh1 Qxe4 19. Nxe4 Bxe3 20. Rxf8+ Kxf8 21.
Rf1+ Ke7 22. Rf3 Bxd4 23. Bxd4 Nxd4 24. Rg3 g6 25. Ng5 Bd7 26. Nxh7 Be8 27. Ng5
e5 28. Ne4 b6 29. h4 Nf5 30. Rg4 Bb5 31. Bd5 Rh8 32. g3 Ne3 33. Rxg6 Nxd5 34.
Ng5 bxc5 35. Re6+ Kd7 36. Rxe5 c6 37. Rf5 Bd3 38. Rf3 c4 39. Rf2 c3 40. Rf3 Bg6
41. Rf1 c2 42. Kh2 Re8 43. Kh3 Re3 44. Kg4 Rd3 45. h5 Ne3+ 0-1

[Event "AUTO-ADV-4759"]
[Site "http://www.queenalice.com/game.php?id=1829272"]
[Date "2024.1.13"]
[Round "1"]
[White "eljay"]
[Black "maurice916"]
[Result "1-0"]
[WhiteElo "1681"]
[BlackElo "1846"]

1. d4 d5 2. c4 c6 3. Nf3 Nf6 4. Nc3 e6 5. e3 Bb4 6. Bd2 dxc4 7. Bxc4 O-O 8. O-O
Nbd7 9. a3 Ba5 10. b4 Bc7 11. Qc2 Nb6 12. Bb3 Nbd5 13. e4 Nxc3 14. Bxc3 Nxe4 15.
Qxe4 Bb6 16. Bc2 g6 17. Rad1 Qd5 18. Qh4 Bd8 19. Qh6 Bf6 20. Bd2 Bg7 21. Qh4 h5
22. Rfe1 b6 23. Ne5 Bb7 24. Qe7 c5 25. Be4 Qxe4 26. Rxe4 Bxe4 27. Nd7 Rfd8 28.
Nf6+ Bxf6 29. Qxf6 Bc2 30. Bh6 Bxd1 31. Qg7# 1-0

[Event "AUTO-ADV-4759"]
[Site "http://www.queenalice.com/game.php?id=1829279"]
[Date "2024.1.13"]
[Round "1"]
[White "Leftpawn"]
[Black "eljay"]
[Result "0-1"]
[WhiteElo "1739"]
[BlackElo "1758"]

1. e4 e6 2. d4 d5 3. e5 Bd7 4. c3 c5 5. Nf3 cxd4 6. cxd4 a5 7. Bd3 Bb4+ 8. Nc3
Ne7 9. O-O Nbc6 10. a3 Bxc3 11. bxc3 O-O 12. a4 f6 13. exf6 Rxf6 14. Ne5 Rf8 15.
Nxd7 Qxd7 16. Ba3 e5 17. dxe5 Nxe5 18. Bb5 Qc7 19. Bxe7 Qxe7 20. Qxd5+ Kh8 21.
Rfe1 Rf5 22. Qb3 Qg5 23. Kh1 Rxf2 24. Rg1 Rd8 25. Rad1 Rxd1 26. Qxd1 Rd2 27. Qe1
h6 28. h4 Qg4 29. Qxe5 Rd5 30. Qh2 Rh5 31. g3 Re5 32. Qg2 g5 33. Rf1 gxh4 34.
Kh2 hxg3+ 35. Qxg3 Rh5+ 36. Kg2 Qe4+ 37. Qf3 Rg5+ 38. Kf2 Rf5 0-1

[Event "AUTO-ADV-4759"]
[Site "http://www.queenalice.com/game.php?id=1829280"]
[Date "2024.1.13"]
[Round "1"]
[White "eljay"]
[Black "Leftpawn"]
[Result "1-0"]
[WhiteElo "1704"]
[BlackElo "1781"]

1. d4 Nf6 2. Nc3 g6 3. e4 Bg7 4. e5 Ng8 5. Nf3 d6 6. Bf4 e6 7. Bd3 d5 8. O-O Ne7
9. Qd2 O-O 10. Bh6 Nf5 11. Bxf5 Bxh6 12. Qxh6 exf5 13. Ng5 1-0

[Event "AUTO-ADV-4759"]
[Site "http://www.queenalice.com/game.php?id=1835740"]
[Date "2024.4.27"]
[Round "2"]
[White "Spessatto"]
[Black "eljay"]
[Result "0-1"]
[WhiteElo "1771"]
[BlackElo "1791"]

1. d4 e6 2. Nf3 Nc6 3. Bf4 b6 4. e3 d5 5. c3 Be7 6. Bd3 Nf6 7. h3 O-O 8. Nbd2
Bd6 9. Ne5 Bb7 10. Ndf3 Nh5 11. Nxc6 Bxc6 12. Bxd6 Qxd6 13. Ne5 a6 14. Qxh5 g6
15. Qh6 Bb5 16. Bxb5 axb5 17. O-O c5 18. a3 f6 19. Ng4 f5 20. Ne5 cxd4 0-1

[Event "AUTO-ADV-4759"]
[Site "http://www.queenalice.com/game.php?id=1835741"]
[Date "2024.4.27"]
[Round "2"]
[White "eljay"]
[Black "Spessatto"]
[Result "1-0"]
[WhiteElo "1773"]
[BlackElo "1831"]

1. e4 e5 2. Nf3 Nc6 3. Bb5 Nge7 4. O-O a6 5. Ba4 b5 6. Bb3 Ng6 7. d3 Bc5 8. a3
d6 9. Ng5 O-O 10. Qh5 h6 11. Nxf7 Qe7 12. Nxh6+ 1-0

[Event "AUTO-ADV-4759"]
[Site "http://www.queenalice.com/game.php?id=1835744"]
[Date "2024.4.27"]
[Round "2"]
[White "eljay"]
[Black "oniwa"]
[Result "1-0"]
[WhiteElo "1806"]
[BlackElo "1879"]

1. e4 e5 2. Nf3 Nc6 3. Bb5 a6 4. Ba4 b5 5. Bb3 Nf6 6. Nc3 Bc5 7. Ng5 O-O 8. Qf3
Nd4 9. Qh3 h6 10. Nf3 d5 11. Qg3 Nxf3+ 12. Qxf3 Bg4 13. Qg3 d4 14. Nd5 Be6 15.
d3 c6 16. Nxf6+ Qxf6 17. O-O Bxb3 18. axb3 Bb4 19. f4 Qg6 20. Qxg6 fxg6 21. fxe5
Rxf1+ 22. Kxf1 Rf8+ 23. Kg1 a5 24. g3 Re8 25. h4 Rxe5 26. Bf4 1-0

[Event "AUTO-ADV-4759"]
[Site "http://www.queenalice.com/game.php?id=1835745"]
[Date "2024.4.27"]
[Round "2"]
[White "oniwa"]
[Black "eljay"]
[Result "0-1"]
[WhiteElo "1860"]
[BlackElo "1825"]

1. d4 e6 2. e4 d5 3. exd5 exd5 4. Nc3 Nf6 5. Nf3 Bg4 6. Bb5+ c6 7. Be2 Bb4 8.
O-O Bxc3 9. bxc3 O-O 10. h3 Bh5 11. g4 Bg6 12. Bg5 Nbd7 13. Bd3 Re8 14. c4 h6
15. Bh4 dxc4 16. Bxg6 fxg6 17. g5 hxg5 18. Bxg5 Qc7 19. Nh4 Ne4 20. Be3 Nxf2 21.
Bxf2 Re4 22. Nxg6 Nf8 23. Ne5 Qe7 24. Qf3 Qg5+ 25. Kh2 Ne6 26. Qxe4 Nf4 0-1

[Event "AUTO-OPEN-4566"]
[Site "http://www.queenalice.com/game.php?id=1849230"]
[Date "2024.12.23"]
[Round "1"]
[White "eljay"]
[Black "Rafale2000"]
[Result "1-0"]
[WhiteElo "1838"]
[BlackElo "2150"]

1. d4 Nf6 2. Bf4 e6 3. e3 d5 4. h3 c5 5. c3 Nc6 6. Nf3 Bd6 7. Ne5 Bxe5 8. dxe5
Nd7 9. Bb5 Qb6 10. Qe2 c4 11. Bxc6 bxc6 12. Na3 Nc5 13. O-O O-O 14. Rab1 f6 15.
Qg4 fxe5 16. Bh6 Qc7 17. Nc2 Ne4 18. Rbd1 Nf6 19. Qg3 c5 20. Na3 Kh8 21. Bg5 Ne4
22. Qh4 Nxg5 23. Qxg5 a6 24. Nc2 Rf5 25. Qg4 Bb7 26. f3 Raf8 27. f4 R8f6 28. g3
Qe7 29. Ne1 Rg6 30. Qf3 e4 31. Qf2 e5 32. Kh2 h5 33. Ng2 Rd6 34. Nh4 Rff6 35.
Qe2 Qe8 36. f5 d4 37. Ng6+ Rxg6 38. fxg6 Qxg6 39. Rf8+ Kh7 40. Qxc4 Bd5 41. Qxc5
dxe3 42. Rxd5 e2 43. Rxd6 Qxd6 44. Qxd6 e1=Q 45. Qxe5 Qe2+ 46. Kg1 Qe3+ 47. Kg2
Kg6 48. Qf5+ 1-0

[Event "AUTO-OPEN-4566"]
[Site "http://www.queenalice.com/game.php?id=1849231"]
[Date "2024.12.23"]
[Round "1"]
[White "Rafale2000"]
[Black "eljay"]
[Result "1-0"]
[WhiteElo "2154"]
[BlackElo "1842"]

1. e4 c6 2. c4 d5 3. exd5 cxd5 4. d3 dxc4 5. dxc4 Qxd1+ 6. Kxd1 e5 7. Nf3 f6 8.
Nc3 Bb4 9. Bd2 Bxc3 10. Bxc3 Bf5 11. Be2 Nc6 12. Nh4 Bg6 13. Nxg6 hxg6 14. Kc2
O-O-O 15. Rad1 Nge7 16. Rxd8+ Rxd8 17. Rd1 Nf5 18. Rxd8+ Kxd8 19. b4 Ncd4+ 20.
Kd3 Nxe2 21. Kxe2 Kd7 22. g4 Nd6 23. Kd3 Kc6 24. h4 b5 25. c5 Nc4 26. a4 a6 27.
a5 f5 28. f3 Kd5 29. Ke2 e4 30. Bxg7 fxg4 31. fxg4 Ke6 32. h5 gxh5 33. gxh5 Kf7
34. h6 Kg8 35. c6 Nd6 36. c7 Kh7 37. Ke3 Kg8 38. Kf4 Kh7 39. Ke5 e3 40. Kxd6 e2
41. Bc3 Kxh6 42. c8=Q 1-0

[Event "AUTO-OPEN-4566"]
[Site "http://www.queenalice.com/game.php?id=1849232"]
[Date "2024.12.23"]
[Round "1"]
[White "eljay"]
[Black "ChessColossos"]
[Result "0-1"]
[WhiteElo "1862"]
[BlackElo "1554"]

1. d4 d5 2. Bf4 Nf6 3. e3 Bd7 4. Nf3 e6 5. Bd3 h6 6. Nbd2 Nc6 7. Ne5 Nxe5 8.
Bxe5 c5 9. c3 c4 10. Bc2 Be7 11. Nf3 O-O 12. O-O a5 13. Re1 a4 14. a3 Ne4 15.
Nd2 Nxd2 16. Qxd2 f6 17. Bg3 b5 18. e4 dxe4 19. Bxe4 Ra6 20. Re3 f5 21. Bb7 Ra7
22. Bf3 f4 23. Bxf4 Bg5 24. Bxg5 Qxg5 25. Rd1 Rc7 26. Re5 Qxd2 27. Rxd2 Rcc8 28.
Bg4 Rf6 29. d5 Rc5 30. dxe6 Rxe5 31. exd7 Re1# 0-1

[Event "AUTO-OPEN-4566"]
[Site "http://www.queenalice.com/game.php?id=1849233"]
[Date "2024.12.23"]
[Round "1"]
[White "ChessColossos"]
[Black "eljay"]
[Result "1-0"]
[WhiteElo "1725"]
[BlackElo "1837"]

1. e4 c6 2. d4 d5 3. e5 Bf5 4. Nf3 e6 5. Nc3 Qb6 6. h3 h6 7. Bd3 Bxd3 8. Qxd3
Ne7 9. O-O Nf5 10. Na4 Qb4 11. b3 Be7 12. Bd2 Qb5 13. Qxb5 cxb5 14. Nc5 b6 15.
Nd3 Nc6 16. c3 O-O 17. g4 Nh4 18. Nxh4 Bxh4 19. f4 f6 20. Be1 Bxe1 21. Rfxe1
fxe5 22. dxe5 a5 23. Kg2 b4 24. cxb4 Nxb4 25. Nxb4 axb4 26. Rec1 b5 27. Rc6 Rfe8
28. Rb6 Rab8 29. Rxb8 Rxb8 30. Rc1 d4 31. Rc6 Rd8 32. Rd6 Rxd6 33. exd6 Kf7 34.
Kf3 Ke8 35. Ke4 Kd7 36. Kxd4 Kxd6 37. Ke4 g6 38. f5 Ke7 39. Ke5 exf5 40. gxf5 g5
41. f6+ Kf7 42. Kf5 Kg8 43. Kg6 Kf8 44. Kxh6 Kf7 45. Kxg5 Kf8 46. Kg6 Kg8 47.
f7+ Kf8 48. h4 1-0

[Event "AUTO-OPEN-4566"]
[Site "http://www.queenalice.com/game.php?id=1849234"]
[Date "2024.12.23"]
[Round "1"]
[White "eljay"]
[Black "askasl159"]
[Result "1/2-1/2"]
[WhiteElo "1866"]
[BlackElo "1771"]

1. d4 d5 2. Bf4 c5 3. e3 g6 4. Nf3 Bg7 5. Bb5+ Bd7 6. Bxd7+ Nxd7 7. Nbd2 cxd4 8.
exd4 Ngf6 9. O-O O-O 10. Re1 Re8 11. Ne5 Nb6 12. b3 Nfd7 13. c4 Nxe5 14. Bxe5
dxc4 15. bxc4 Bxe5 16. dxe5 f6 17. exf6 exf6 18. Qf3 Qxd2 19. Red1 Qe2 20. Qxb7
Re7 21. Qc6 Rae8 22. h3 Qxc4 23. Qf3 Kg7 24. Rdc1 Qb4 25. Kh2 g5 26. Rc6 Nd5 27.
Qxd5 Qf4+ 28. g3 Qxf2+ 29. Qg2 Re2 30. Qxf2 Rxf2+ 31. Kg1 Rfe2 32. a4 a5 33. Rf1
R8e6 34. Rc7+ Kg6 35. Ra7 Ra2 36. Rxa5 Ree2 37. Rff5 Rxa4 38. Rxg5+ fxg5 39.
Rxa4 h5 40. Kf1 Rb2 41. g4 hxg4 42. hxg4 Kf6 1/2-1/2

[Event "AUTO-OPEN-4566"]
[Site "http://www.queenalice.com/game.php?id=1849235"]
[Date "2024.12.23"]
[Round "1"]
[White "askasl159"]
[Black "eljay"]
[Result "1/2-1/2"]
[WhiteElo "1912"]
[BlackElo "1834"]

1. e4 c6 2. Nf3 d5 3. exd5 cxd5 4. Bb5+ Bd7 5. Bxd7+ Nxd7 6. d4 Ngf6 7. O-O e6
8. Bf4 Be7 9. Re1 O-O 10. Nbd2 Rc8 11. h3 Re8 12. a3 Nh5 13. Bh2 Nb6 14. Nb3 Bd6
15. Bxd6 Qxd6 16. Ne5 Nf6 17. Nc5 Nfd7 18. Ncxd7 Nxd7 19. Re3 Nxe5 20. dxe5 Qb6
21. b4 Red8 22. Qd2 d4 23. Re2 Rc3 24. Ra2 f6 25. exf6 gxf6 26. Re4 f5 27. Re5
Qd6 28. Qe2 Re8 29. f4 Re7 30. Rb2 Kf7 31. Rb3 Rec7 32. Rxc3 Rxc3 33. a4 Qxb4
34. Qh5+ Kg8 35. Qg5+ Kf7 36. Qh5+ Kg8 37. Qe8+ Qf8 38. Qxe6+ Qf7 39. Qxf7+ Kxf7
40. Rxf5+ Ke6 41. Re5+ Kf6 42. Rd5 Rc4 43. a5 b6 44. axb6 axb6 45. Kh2 Ke6 46.
Rb5 Rc6 47. f5+ Kf6 48. h4 h5 49. Rd5 Rc4 50. Kh3 Kf7 51. Rd6 b5 52. g3 Ke7 53.
Rd5 b4 54. Rb5 Kf6 55. Rd5 Rxc2 56. Rxd4 b3 57. Rb4 b2 58. Rb5 Rf2 59. Rb3 Kxf5
60. Rb4 Ke5 61. g4 Rf3+ 62. Kg2 hxg4 63. Rxb2 Rh3 64. Rb5+ Kf6 65. Rh5 Kg6 66.
Rh8 Kg7 67. Rh5 Kg6 68. Rh8 Kg7 1/2-1/2